| 000 | 00521nam a2200145Ia 4500 | ||
|---|---|---|---|
| 008 | 100204s9999 xx 000 0 und d | ||
| 082 | _b12431 | ||
| 100 | _aसोळंकी माधव | ||
| 245 | _aनेहरु युगाच्या आठवणी | ||
| 260 |
_b"विनय प्रकाशन , पुणे" _c1989 |
||
| 300 | _a262 | ||
| 630 | _aनेहरु युगाच्या आठवणी | ||
| 730 | _aनेहरु युगाच्या आठवणी | ||
| 942 | _cBOOK | ||
| 999 |
_c456864 _d456861 |
||